00505cam a22002051 4500001001300000003000400013005001700017008004100034010001700075035002000092040001800112042001200130050002700142100003500169245001600204260002700220300001700247500001800264999001700282sa 68002841 DLC20260227112447.0890503m19531966ii 000 0 malo  asa 68002841  a(OCoLC)19649784 aDLCcWaUdDLC apremarc00aPL4718.9.N357bA6 19531 aNayar, M. Ramunni,d1903-1943.10aSan˃jayan. c1953-1966 [v. 1, 1964] a6 v.c19 cm. aIn Malayalam. c79028d79028